000 00469nam a2200181Ia 4500
001 12786
005 20260306163006.0
008 260306t2017||||xx |||||||||||||| ||spa||
041 _aESP
082 _aRD 305.88503
_bB85
100 _aBrüning, Hans Heinrich
_eAUT
245 0 _aDiccionario etnográfico de la Costa y Sierra norte del Perú
260 _c2017
300 _a123 páginas :
_c23 cm.
650 _aGEN
654 _aCAU
942 _cDIC
_dJUS
_fJUS
_2ddc
_n
999 _c12786
_d12786